Introducción a la lógica
I tiakina i:
| Kaituhi matua: | |
|---|---|
| Hōputu: | Pukapuka |
| Reo: | Pāniora |
| I whakaputaina: |
Buenos Aires
EUDEBA
1971
|
| Putanga: | 11a. ed |
| Ngā marau: | |
| Ngā Tūtohu: |
Tāpirihia he Tūtohu
Kāore He Tūtohu, Me noho koe te mea tuatahi ki te tūtohu i tēnei pūkete!
|
MARC
| LEADER | 00000nam a2200000 a 4500 | ||
|---|---|---|---|
| 001 | UCX2219 | ||
| 003 | CL-VaPUC | ||
| 008 | 910404e19710000AG |||||||||||||||||spa|d | ||
| 082 | 0 | 4 | |a 160 |b COP |2 21 |
| 100 | 0 | |a Copi, Irving M |e author |9 245662 | |
| 245 | 1 | 0 | |a Introducción a la lógica |
| 250 | |a 11a. ed | ||
| 300 | |a 455 p | ||
| 942 | |c BK | ||
| 945 | |d 19910404 00:00:00 | ||
| 260 | |a Buenos Aires |b EUDEBA |c 1971 | ||
| 650 | 0 | |a Lógica |9 256849 | |
| 583 | |a last modification |c 19910404 00:00:00 |k Rodrigo Vera | ||
| 999 | |c 223290 |d 223288 | ||
| 952 | |0 0 |1 0 |4 0 |6 160_000000000000000_COP_1971 |7 0 |8 R |9 218918 |a BIBEDU |b BIBEDU |c MCIRC |d 2019-11-15 |i 2877171 |l 1 |o 160 COP 1971 |p 2877171 |r 2024-03-20 |s 2024-03-18 |w 2019-11-15 |y BK_R |k FIL | ||
| 952 | |0 0 |1 0 |4 0 |6 160_000000000000000_COP_1971 |7 0 |8 A |9 218919 |a BIBMAT |b BIBMAT |d 2019-11-15 |i 1492926 |o 160 COP 1971 |p 1492926 |r 2025-01-07 |w 2019-11-15 |y BK |k MAT | ||